| 000 | 00429nam a2200181Ia 4500 | ||
|---|---|---|---|
| 001 | 20663 | ||
| 005 | 20260306172822.0 | ||
| 008 | 260306t2007||||xx |||||||||||||| ||spa|| | ||
| 041 | _aESP | ||
| 082 |
_a343.6 _bG78 V. 3 |
||
| 100 |
_aJéze, Gaston _eAUT |
||
| 245 | 0 | _aServicios públicos y contratos administrativos | |
| 260 | _c2007 | ||
| 300 |
_a _c28 cm. |
||
| 650 | _aGEN | ||
| 654 | _aCDE | ||
| 942 |
_cLIB _dJUS _fJUS _2ddc _n |
||
| 999 |
_c20663 _d20663 |
||